[Event "Deutsche Ländermeisterschaft 2025"]
[Site "Oer-Erkenschwick GER"]
[Date "2025.10.04"]
[Round "6"]
[White "Apel, Linus"]
[Black "Schwitkowski, Luka"]
[Result "1/2-1/2"]
[Termination "normal"]
[Board "7.3"]
[WhiteElo "1902"]
[BlackElo "2119"]
[WhiteClock "00:11:09"]
[BlackClock "01:10:09"]
[WhiteTeam "Thüringen"]
[BlackTeam "Nordrhein-Westfalen 2"]
[PlyCount "106"]
[WhiteFideId "16265785"]
[BlackFideId "34610669"]
[EventCountry "GER"]
[EventRounds "7"]
[EventType "team-swiss"]
[EventDate "2025.09.30"]

1. e4 {[%clk 01:30:58]} {[%emt 00:00:02]} c5 {[%clk 01:30:55]} {[%emt
00:00:05]} 2. Nf3 {[%clk 01:31:21]} {[%emt 00:00:07]} Nc6 {[%clk 01:30:49]}
{[%emt 00:00:35]} 3. d4 {[%clk 01:31:43]} {[%emt 00:00:09]} cxd4 {[%clk
01:31:18]} {[%emt 00:00:02]} 4. Nxd4 {[%clk 01:32:06]} {[%emt 00:00:07]} Nf6
{[%clk 01:31:43]} {[%emt 00:00:04]} 5. Nc3 {[%clk 01:32:30]} {[%emt 00:00:05]}
e6 {[%clk 01:30:57]} {[%emt 00:01:16]} 6. Ndb5 {[%clk 01:31:00]} {[%emt
00:02:00]} Bc5 {[%clk 01:31:09]} {[%emt 00:00:19]} 7. Nd6+ {[%clk 01:26:37]}
{[%emt 00:04:53]} Ke7 {[%clk 01:31:38]} {[%emt 00:00:02]} 8. Bf4 {[%clk
01:26:42]} {[%emt 00:00:25]} e5 {[%clk 01:32:02]} {[%emt 00:00:05]} 9. Nf5+
{[%clk 01:26:58]} {[%emt 00:00:14]} Kf8 {[%clk 01:32:28]} {[%emt 00:00:04]} 10.
Be3 {[%clk 01:22:01]} {[%emt 00:05:27]} Bb4 {[%clk 01:31:19]} {[%emt 00:01:38]}
11. Ng3 {[%clk 01:13:48]} {[%emt 00:08:44]} d5 {[%clk 01:26:59]} {[%emt
00:04:49]} 12. exd5 {[%clk 01:12:25]} {[%emt 00:01:54]} Nxd5 {[%clk 01:26:31]}
{[%emt 00:00:58]} 13. Bc5+ {[%clk 01:11:21]} {[%emt 00:01:33]} Bxc5 {[%clk
01:26:28]} {[%emt 00:00:33]} 14. Qxd5 {[%clk 01:11:25]} {[%emt 00:00:26]} Bd4
{[%clk 01:11:38]} {[%emt 00:15:20]} 15. Qxd8+ {[%clk 01:04:07]} {[%emt
00:07:48]} Nxd8 {[%clk 01:12:01]} {[%emt 00:00:06]} 16. Nge2 {[%clk 01:04:24]}
{[%emt 00:00:13]} Bc5 {[%clk 01:10:26]} {[%emt 00:02:05]} 17. Ne4 {[%clk
01:00:31]} {[%emt 00:04:25]} Bb4+ {[%clk 01:08:37]} {[%emt 00:02:18]} 18. c3
{[%clk 01:00:42]} {[%emt 00:00:20]} Be7 {[%clk 01:09:02]} {[%emt 00:00:04]} 19.
O-O-O {[%clk 00:56:55]} {[%emt 00:04:16]} Be6 {[%clk 01:07:49]} {[%emt
00:01:43]} 20. Kb1 {[%clk 00:56:32]} {[%emt 00:00:54]} Nc6 {[%clk 01:03:16]}
{[%emt 00:05:02]} 21. Nc1 {[%clk 00:49:11]} {[%emt 00:07:51]} f5 {[%clk
00:59:38]} {[%emt 00:04:09]} 22. Nd2 {[%clk 00:42:58]} {[%emt 00:06:42]} Kf7
{[%clk 00:58:24]} {[%emt 00:01:43]} 23. Bc4 {[%clk 00:41:29]} {[%emt 00:02:00]}
Rhd8 {[%clk 00:58:14]} {[%emt 00:00:39]} 24. Rhe1 {[%clk 00:35:22]} {[%emt
00:06:38]} Rd7 {[%clk 00:52:48]} {[%emt 00:05:56]} 25. Bxe6+ {[%clk 00:31:01]}
{[%emt 00:04:52]} Kxe6 {[%clk 00:53:16]} {[%emt 00:00:01]} 26. Nc4 {[%clk
00:31:12]} {[%emt 00:00:19]} Rxd1 {[%clk 00:53:24]} {[%emt 00:00:23]} 27. Rxd1
{[%clk 00:30:25]} {[%emt 00:01:16]} Rd8 {[%clk 00:53:46]} {[%emt 00:00:08]} 28.
Rxd8 {[%clk 00:27:27]} {[%emt 00:03:29]} Bxd8 {[%clk 00:53:39]} {[%emt
00:00:36]} 29. Nd3 {[%clk 00:27:23]} {[%emt 00:00:34]} b6 {[%clk 00:53:43]}
{[%emt 00:00:25]} 30. Kc2 {[%clk 00:26:38]} {[%emt 00:01:16]} Bc7 {[%clk
00:53:56]} {[%emt 00:00:16]} 31. f3 {[%clk 00:19:20]} {[%emt 00:07:49]} h5
{[%clk 00:54:25]} 32. Nf2 {[%clk 00:18:11]} {[%emt 00:01:38]} Ne7 {[%clk
00:52:19]} {[%emt 00:02:36]} 33. Ne3 {[%clk 00:10:06]} {[%emt 00:08:36]} Nd5
{[%clk 00:51:23]} {[%emt 00:01:25]} 34. Nxd5 {[%clk 00:09:50]} {[%emt
00:00:47]} Kxd5 {[%clk 00:51:52]} {[%emt 00:00:01]} 35. Kd3 {[%clk 00:10:19]}
{[%emt 00:00:02]} b5 {[%clk 00:51:16]} {[%emt 00:01:05]} 36. b3 {[%clk
00:10:09]} {[%emt 00:00:40]} Bb6 {[%clk 00:51:36]} {[%emt 00:00:09]} 37. c4+
{[%clk 00:07:56]} {[%emt 00:02:43]} bxc4+ {[%clk 00:52:01]} {[%emt 00:00:06]}
38. bxc4+ {[%clk 00:08:21]} {[%emt 00:00:05]} Ke6 {[%clk 00:49:58]} {[%emt
00:02:32]} 39. Nd1 {[%clk 00:02:19]} {[%emt 00:06:32]} Bg1 {[%clk 00:47:58]}
{[%emt 00:02:31]} 40. h3 {[%clk 00:01:08]} {[%emt 00:01:41]} Bd4 {[%clk
00:47:33]} {[%emt 00:00:54]} 41. g4 {[%clk 00:27:53]} {[%emt 00:03:46]} hxg4
{[%clk 01:16:34]} {[%emt 00:01:29]} 42. hxg4 {[%clk 00:28:17]} {[%emt
00:00:07]} g6 {[%clk 01:16:48]} {[%emt 00:00:15]} 43. gxf5+ {[%clk 00:20:42]}
{[%emt 00:08:05]} gxf5 {[%clk 01:17:16]} {[%emt 00:00:02]} 44. Nc3 {[%clk
00:17:12]} {[%emt 00:04:00]} Bxc3 45. Kxc3 {[%clk 00:17:41]} a5 {[%clk
01:17:57]} 46. Kd3 {[%clk 00:16:05]} {[%emt 00:02:06]} Kd6 {[%clk 01:18:06]}
{[%emt 00:00:21]} 47. Ke3 {[%clk 00:13:57]} {[%emt 00:02:38]} Kc5 {[%clk
01:17:01]} {[%emt 00:01:35]} 48. Kd3 {[%clk 00:14:12]} {[%emt 00:00:15]} a4
{[%clk 01:14:32]} {[%emt 00:02:58]} 49. a3 {[%clk 00:14:20]} {[%emt 00:00:22]}
Kd6 {[%clk 01:14:19]} {[%emt 00:00:43]} 50. Ke3 {[%clk 00:13:01]} {[%emt
00:01:50]} Kc6 {[%clk 01:14:29]} {[%emt 00:00:21]} 51. Kd2 {[%clk 00:13:10]}
{[%emt 00:00:21]} Kc5 {[%clk 01:10:55]} {[%emt 00:04:03]} 52. Kd3 {[%clk
00:13:29]} {[%emt 00:00:11]} f4 {[%clk 01:10:09]} {[%emt 00:01:16]} 53. Kc3
{[%clk 00:11:09]} {[%emt 00:02:50]} Kd5 {[%emt 00:00:56]} 1/2-1/2

[Event "Deutsche Ländermeisterschaft 2025"]
[Site "Oer-Erkenschwick GER"]
[Date "2025.10.04"]
[Round "6"]
[White "Kalina, Lena"]
[Black "Meitzner, Jonathan Franz"]
[Result "1-0"]
[Termination "normal"]
[Board "7.4"]
[WhiteElo "1891"]
[BlackElo "1834"]
[WhiteClock "00:00:59"]
[BlackClock "00:09:18"]
[WhiteTeam "Nordrhein-Westfalen 2"]
[BlackTeam "Thüringen"]
[PlyCount "123"]
[WhiteFideId "12988014"]
[BlackFideId "34616110"]
[EventCountry "GER"]
[EventRounds "7"]
[EventType "team-swiss"]
[EventDate "2025.09.30"]

1. d4 {[%clk 01:30:55]} {[%emt 00:00:04]} Nf6 {[%clk 01:30:53]} {[%emt
00:00:07]} 2. c4 {[%clk 01:31:12]} {[%emt 00:00:13]} e6 {[%clk 01:31:13]}
{[%emt 00:00:10]} 3. Nf3 {[%clk 01:31:11]} {[%emt 00:00:30]} b6 {[%clk
01:31:35]} {[%emt 00:00:09]} 4. a3 {[%clk 01:30:48]} {[%emt 00:00:54]} Bb7
{[%clk 01:31:56]} {[%emt 00:00:08]} 5. Nc3 {[%clk 01:30:02]} {[%emt 00:01:16]}
d5 {[%clk 01:31:46]} {[%emt 00:00:40]} 6. Bg5 {[%clk 01:27:27]} {[%emt
00:03:05]} Be7 {[%clk 01:28:01]} {[%emt 00:04:15]} 7. e3 {[%clk 01:24:53]}
{[%emt 00:03:04]} Nbd7 {[%clk 01:26:15]} {[%emt 00:02:16]} 8. Be2 {[%clk
01:21:53]} {[%emt 00:03:30]} O-O {[%clk 01:26:05]} {[%emt 00:00:40]} 9. O-O
{[%clk 01:20:13]} {[%emt 00:02:10]} c5 {[%clk 01:24:25]} {[%emt 00:02:09]} 10.
cxd5 {[%clk 01:15:52]} {[%emt 00:04:52]} Nxd5 {[%clk 01:22:02]} {[%emt
00:02:53]} 11. Bxe7 {[%clk 01:13:27]} {[%emt 00:02:54]} Qxe7 {[%clk 01:22:16]}
{[%emt 00:00:17]} 12. Rc1 {[%clk 01:10:16]} {[%emt 00:03:41]} Rac8 {[%clk
01:21:38]} {[%emt 00:01:07]} 13. Qd2 {[%clk 01:01:16]} {[%emt 00:09:30]} Rfd8
{[%clk 01:19:23]} {[%emt 00:02:44]} 14. Rfd1 {[%clk 00:55:06]} {[%emt
00:06:40]} cxd4 {[%clk 00:58:51]} {[%emt 00:21:03]} 15. Nxd5 {[%clk 00:48:30]}
{[%emt 00:07:06]} Bxd5 {[%clk 00:58:58]} {[%emt 00:00:23]} 16. Rxc8 {[%clk
00:42:42]} {[%emt 00:06:18]} Rxc8 {[%clk 00:59:19]} {[%emt 00:00:09]} 17. Nxd4
{[%clk 00:41:56]} {[%emt 00:01:16]} Nc5 {[%clk 00:58:53]} {[%emt 00:00:55]} 18.
Bf3 {[%clk 00:38:27]} {[%emt 00:04:00]} Bxf3 {[%clk 00:56:09]} {[%emt
00:03:14]} 19. Nxf3 {[%clk 00:38:40]} {[%emt 00:00:17]} h6 {[%clk 00:56:25]}
{[%emt 00:00:13]} 20. h3 {[%clk 00:35:20]} {[%emt 00:03:50]} Ne4 {[%clk
00:48:46]} {[%emt 00:08:10]} 21. Qd3 {[%clk 00:32:43]} {[%emt 00:03:07]} Nc5
{[%clk 00:47:25]} {[%emt 00:01:50]} 22. Qd2 {[%clk 00:30:12]} {[%emt 00:03:01]}
Qc7 {[%clk 00:44:21]} {[%emt 00:03:32]} 23. Rc1 {[%clk 00:25:23]} {[%emt
00:05:21]} Rd8 {[%clk 00:43:07]} {[%emt 00:01:44]} 24. Qc2 {[%emt 00:04:51]}
Qb7 {[%clk 00:38:27]} {[%emt 00:00:40]} 25. b4 {[%clk 00:22:59]} {[%emt
00:03:04]} Ne4 {[%clk 00:37:56]} {[%emt 00:00:58]} 26. Nd4 {[%clk 00:21:32]}
{[%emt 00:02:00]} Nf6 {[%clk 00:33:37]} {[%emt 00:04:48]} 27. Qc7 {[%clk
00:15:00]} {[%emt 00:07:02]} Qxc7 {[%clk 00:24:18]} {[%emt 00:09:49]} 28. Rxc7
{[%clk 00:15:24]} {[%emt 00:00:07]} a5 {[%clk 00:23:40]} {[%emt 00:01:08]} 29.
Nc6 {[%clk 00:10:11]} {[%emt 00:05:43]} Rd1+ {[%clk 00:23:07]} {[%emt
00:01:02]} 30. Kh2 {[%clk 00:10:37]} {[%emt 00:00:05]} axb4 {[%clk 00:22:52]}
{[%emt 00:00:45]} 31. axb4 {[%clk 00:10:10]} {[%emt 00:00:57]} Rd6 {[%clk
00:22:13]} {[%emt 00:00:57]} 32. Ne5 {[%clk 00:09:12]} {[%emt 00:01:40]} Rd5
{[%clk 00:18:58]} {[%emt 00:03:43]} 33. Rc8+ {[%clk 00:05:50]} {[%emt
00:03:54]} Kh7 {[%clk 00:19:00]} {[%emt 00:00:28]} 34. f4 {[%clk 00:04:01]}
{[%emt 00:02:19]} Rb5 {[%clk 00:18:16]} {[%emt 00:01:13]} 35. Nxf7 {[%clk
00:03:03]} {[%emt 00:01:29]} Rxb4 {[%clk 00:18:29]} {[%emt 00:00:17]} 36. g4
{[%clk 00:02:04]} {[%emt 00:01:28]} Nd7 {[%clk 00:14:01]} {[%emt 00:04:59]} 37.
Rd8 {[%clk 00:01:39]} {[%emt 00:00:54]} Nc5 {[%clk 00:09:37]} {[%emt 00:04:55]}
38. Rh8+ {[%clk 00:00:48]} {[%emt 00:01:20]} Kg6 {[%clk 00:09:58]} {[%emt
00:00:09]} 39. Ne5+ {[%clk 00:01:10]} {[%emt 00:00:08]} Kf6 {[%clk 00:10:19]}
{[%emt 00:00:09]} 40. Rf8+ {[%clk 00:00:53]} {[%emt 00:00:47]} Ke7 {[%clk
00:10:44]} {[%emt 00:00:05]} 41. Rf7+ {[%clk 00:30:28]} {[%emt 00:00:56]} Kd6
{[%clk 00:41:06]} {[%emt 00:00:09]} 42. Rxg7 {[%clk 00:28:47]} {[%emt
00:02:10]} Re4 {[%clk 00:39:40]} {[%emt 00:01:56]} 43. Kg2 {[%clk 00:19:52]}
{[%emt 00:09:25]} b5 {[%clk 00:34:54]} {[%emt 00:05:16]} 44. Kf3 {[%clk
00:17:33]} {[%emt 00:02:48]} Ra4 {[%clk 00:33:40]} {[%emt 00:01:45]} 45. Rg8
{[%clk 00:15:33]} {[%emt 00:02:30]} b4 {[%clk 00:33:13]} {[%emt 00:00:58]} 46.
Rb8 {[%clk 00:12:22]} {[%emt 00:03:40]} b3 {[%clk 00:25:48]} {[%emt 00:07:55]}
47. h4 {[%clk 00:08:04]} {[%emt 00:04:48]} Ra7 {[%clk 00:18:22]} {[%emt
00:07:54]} 48. Rb6+ {[%clk 00:05:57]} {[%emt 00:02:38]} Kd5 {[%clk 00:14:05]}
{[%emt 00:04:48]} 49. Rb4 {[%clk 00:05:32]} {[%emt 00:00:55]} Ra4 {[%clk
00:14:07]} {[%emt 00:00:28]} 50. Rb8 {[%clk 00:03:45]} {[%emt 00:02:16]} Ra6
{[%clk 00:11:50]} {[%emt 00:02:47]} 51. g5 {[%clk 00:03:15]} {[%emt 00:01:00]}
hxg5 {[%clk 00:11:21]} {[%emt 00:00:59]} 52. hxg5 {[%clk 00:03:39]} {[%emt
00:00:06]} Kd6 {[%clk 00:11:40]} {[%emt 00:00:11]} 53. g6 {[%clk 00:03:38]}
{[%emt 00:00:32]} b2 {[%clk 00:10:50]} {[%emt 00:01:20]} 54. Rxb2 {[%clk
00:03:13]} {[%emt 00:00:54]} Ra8 {[%clk 00:11:14]} {[%emt 00:00:07]} 55. Rg2
{[%clk 00:02:01]} {[%emt 00:01:41]} Rg8 {[%clk 00:10:17]} {[%emt 00:01:27]} 56.
Rg5 {[%clk 00:01:27]} {[%emt 00:01:05]} Nd7 {[%clk 00:08:52]} {[%emt 00:01:54]}
57. Nxd7 {[%clk 00:01:05]} {[%emt 00:00:52]} Kxd7 {[%clk 00:09:16]} {[%emt
00:00:07]} 58. Ke4 {[%clk 00:01:25]} {[%emt 00:00:10]} Kd6 {[%clk 00:09:06]}
{[%emt 00:00:39]} 59. g7 {[%clk 00:01:14]} {[%emt 00:00:41]} Ke7 {[%clk
00:09:14]} {[%emt 00:00:22]} 60. Ke5 {[%clk 00:01:10]} {[%emt 00:00:34]} Kf7
{[%clk 00:09:17]} {[%emt 00:00:27]} 61. e4 {[%clk 00:00:54]} {[%emt 00:00:46]}
Ke7 {[%clk 00:09:18]} {[%emt 00:00:29]} 62. Rg1 {[%clk 00:00:59]} {[%emt
00:00:26]} 1-0

[Event "Deutsche Ländermeisterschaft 2025"]
[Site "Oer-Erkenschwick GER"]
[Date "2025.10.04"]
[Round "6"]
[White "Ulrich, Helena Irene"]
[Black "Besou, Jad"]
[Result "1-0"]
[Termination "normal"]
[Board "7.5"]
[WhiteElo "1806"]
[BlackElo "1865"]
[WhiteClock "00:02:03"]
[BlackClock "00:02:09"]
[WhiteTeam "Thüringen"]
[BlackTeam "Nordrhein-Westfalen 2"]
[PlyCount "87"]
[WhiteFideId "16256000"]
[BlackFideId "34631348"]
[EventCountry "GER"]
[EventRounds "7"]
[EventType "team-swiss"]
[EventDate "2025.09.30"]

1. e4 {[%clk 01:30:59]} {[%emt 00:00:01]} e5 {[%clk 01:30:54]} {[%emt
00:00:06]} 2. Nf3 {[%clk 01:31:26]} {[%emt 00:00:02]} Nc6 {[%clk 01:31:08]}
{[%emt 00:00:11]} 3. d4 {[%clk 01:31:55]} {[%emt 00:00:08]} exd4 {[%clk
01:30:47]} {[%emt 00:00:51]} 4. Nxd4 {[%clk 01:32:20]} {[%emt 00:00:05]} Bc5
{[%clk 01:30:19]} {[%emt 00:00:57]} 5. Be3 {[%clk 01:32:46]} {[%emt 00:00:04]}
Qf6 {[%clk 01:30:33]} {[%emt 00:00:16]} 6. c3 {[%clk 01:33:11]} {[%emt
00:00:05]} Nge7 {[%clk 01:29:42]} {[%emt 00:01:20]} 7. Bc4 {[%clk 01:33:36]}
{[%emt 00:00:06]} O-O {[%clk 01:28:31]} {[%emt 00:01:41]} 8. O-O {[%clk
01:33:30]} {[%emt 00:00:36]} Qg6 {[%clk 01:25:57]} {[%emt 00:03:05]} 9. Nd2
{[%clk 01:24:16]} {[%emt 00:09:43]} a6 {[%clk 00:58:20]} {[%emt 00:28:06]} 10.
a4 {[%clk 01:16:47]} {[%emt 00:07:59]} Rd8 {[%clk 00:55:25]} {[%emt 00:03:26]}
11. Nxc6 {[%clk 01:12:34]} {[%emt 00:04:43]} Qxc6 {[%clk 00:54:22]} {[%emt
00:01:32]} 12. Bxf7+ {[%clk 01:12:38]} {[%emt 00:00:26]} Kxf7 {[%clk 00:54:07]}
{[%emt 00:00:45]} 13. Qh5+ {[%clk 01:13:06]} {[%emt 00:00:04]} Kg8 {[%clk
00:54:05]} {[%emt 00:00:31]} 14. Qxc5 {[%clk 01:13:09]} {[%emt 00:00:27]} Qxc5
{[%clk 00:54:06]} {[%emt 00:00:28]} 15. Bxc5 {[%clk 01:13:36]} {[%emt
00:00:04]} d6 {[%clk 00:54:06]} {[%emt 00:00:29]} 16. Be3 {[%clk 01:12:28]}
{[%emt 00:01:39]} Be6 {[%clk 00:53:39]} {[%emt 00:00:57]} 17. f4 {[%clk
01:08:09]} {[%emt 00:04:49]} g6 {[%clk 00:51:32]} {[%emt 00:02:37]} 18. Nf3
{[%clk 01:05:17]} {[%emt 00:03:22]} Bc4 {[%clk 00:48:35]} {[%emt 00:03:25]} 19.
Rfe1 {[%clk 01:01:21]} {[%emt 00:04:27]} Re8 {[%clk 00:43:10]} {[%emt
00:05:54]} 20. Bf2 {[%clk 00:51:38]} {[%emt 00:10:14]} Nc6 {[%clk 00:39:04]}
{[%emt 00:04:35]} 21. g4 {[%clk 00:33:27]} {[%emt 00:18:43]} Re7 {[%clk
00:37:31]} {[%emt 00:01:58]} 22. Bh4 {[%clk 00:30:18]} {[%emt 00:03:44]} Ree8
{[%clk 00:35:42]} {[%emt 00:02:18]} 23. Re3 {[%clk 00:20:06]} {[%emt 00:10:42]}
Rf8 {[%clk 00:18:22]} {[%emt 00:17:50]} 24. Bg3 {[%clk 00:18:49]} {[%emt
00:01:48]} Rae8 {[%clk 00:17:47]} {[%emt 00:01:04]} 25. Rae1 {[%clk 00:14:17]}
{[%emt 00:05:03]} Bb3 {[%clk 00:12:47]} {[%emt 00:05:18]} 26. Nd2 {[%clk
00:13:30]} {[%emt 00:01:28]} Bf7 {[%clk 00:12:34]} {[%emt 00:00:43]} 27. f5
{[%clk 00:09:09]} {[%emt 00:04:52]} gxf5 {[%clk 00:11:39]} {[%emt 00:01:25]}
28. exf5 {[%clk 00:09:25]} {[%emt 00:00:14]} Rxe3 {[%clk 00:11:22]} {[%emt
00:00:47]} 29. Rxe3 {[%clk 00:09:51]} {[%emt 00:00:05]} Re8 {[%clk 00:11:26]}
{[%emt 00:00:25]} 30. Rxe8+ {[%clk 00:10:01]} {[%emt 00:00:20]} Bxe8 {[%clk
00:11:50]} {[%emt 00:00:06]} 31. Kf2 {[%clk 00:09:49]} {[%emt 00:00:42]} Ne7
{[%clk 00:11:59]} {[%emt 00:00:21]} 32. Ne4 {[%clk 00:08:53]} {[%emt 00:01:25]}
Bxa4 {[%clk 00:11:38]} {[%emt 00:00:50]} 33. Nf6+ {[%clk 00:04:32]} {[%emt
00:04:52]} Kh8 {[%clk 00:10:10]} {[%emt 00:01:57]} 34. Bh4 {[%clk 00:03:26]}
{[%emt 00:01:38]} Nc8 {[%clk 00:09:20]} {[%emt 00:01:20]} 35. Kf3 {[%clk
00:02:50]} {[%emt 00:01:06]} Nb6 {[%clk 00:08:09]} {[%emt 00:01:41]} 36. Bf2
{[%clk 00:01:47]} {[%emt 00:01:32]} Nc4 {[%clk 00:07:32]} {[%emt 00:01:06]} 37.
b4 {[%clk 00:01:19]} {[%emt 00:00:59]} Ne5+ {[%clk 00:06:07]} {[%emt 00:01:56]}
38. Kg3 {[%clk 00:00:43]} {[%emt 00:01:07]} Kg7 {[%clk 00:04:55]} {[%emt
00:01:39]} 39. Nd5 {[%clk 00:00:44]} {[%emt 00:00:32]} c6 {[%clk 00:04:23]}
{[%emt 00:01:01]} 40. Nb6 {[%clk 00:00:54]} {[%emt 00:00:21]} Bc2 {[%clk
00:02:45]} {[%emt 00:02:07]} 41. Bd4 {[%clk 00:01:10]} {[%emt 00:00:15]} Kg8
{[%clk 00:01:46]} {[%emt 00:01:28]} 42. Bxe5 {[%clk 00:01:25]} {[%emt
00:00:15]} dxe5 {[%clk 00:02:08]} {[%emt 00:00:08]} 43. Nd7 {[%clk 00:01:46]}
{[%emt 00:00:09]} e4 {[%clk 00:02:09]} {[%emt 00:00:29]} 44. Kf4 {[%clk
00:02:03]} {[%emt 00:00:13]} 1-0

[Event "Deutsche Ländermeisterschaft 2025"]
[Site "Oer-Erkenschwick GER"]
[Date "2025.10.04"]
[Round "6"]
[White "Allen, Phillipp"]
[Black "Boroshnev, Dmytro"]
[Result "1-0"]
[Termination "normal"]
[Board "7.6"]
[WhiteElo "1864"]
[BlackElo "1703"]
[WhiteClock "00:17:14"]
[BlackClock "01:04:05"]
[WhiteTeam "Nordrhein-Westfalen 2"]
[BlackTeam "Thüringen"]
[PlyCount "71"]
[WhiteFideId "16272846"]
[BlackFideId "34163611"]
[EventCountry "GER"]
[EventRounds "7"]
[EventType "team-swiss"]
[EventDate "2025.09.30"]

1. d4 {[%clk 01:30:57]} {[%emt 00:00:03]} Nf6 {[%clk 01:30:55]} {[%emt
00:00:05]} 2. c4 {[%clk 01:31:24]} {[%emt 00:00:03]} g6 {[%clk 01:31:18]}
{[%emt 00:00:06]} 3. Nf3 {[%clk 01:31:49]} {[%emt 00:00:07]} Bg7 {[%clk
01:31:42]} {[%emt 00:00:05]} 4. Nc3 {[%clk 01:32:14]} {[%emt 00:00:05]} O-O
{[%clk 01:32:00]} {[%emt 00:00:12]} 5. e4 {[%clk 01:32:38]} {[%emt 00:00:06]}
d6 {[%clk 01:32:25]} {[%emt 00:00:04]} 6. Be2 {[%clk 01:32:58]} {[%emt
00:00:11]} e5 {[%clk 01:32:49]} {[%emt 00:00:07]} 7. O-O {[%clk 01:33:22]}
{[%emt 00:00:06]} Na6 {[%clk 01:33:03]} {[%emt 00:00:15]} 8. dxe5 {[%clk
01:33:11]} {[%emt 00:00:41]} dxe5 {[%clk 01:33:23]} {[%emt 00:00:09]} 9. Qxd8
{[%clk 01:33:37]} {[%emt 00:00:05]} Rxd8 {[%clk 01:33:49]} {[%emt 00:00:04]}
10. Be3 {[%clk 01:33:31]} {[%emt 00:00:37]} Ng4 {[%clk 01:33:36]} {[%emt
00:00:42]} 11. Bg5 {[%clk 01:33:53]} {[%emt 00:00:09]} f6 {[%clk 01:34:00]}
{[%emt 00:00:06]} 12. Bd2 {[%clk 01:34:19]} {[%emt 00:00:03]} Be6 {[%clk
01:33:52]} {[%emt 00:00:39]} 13. h3 {[%clk 01:34:40]} {[%emt 00:00:10]} Nh6
{[%clk 01:34:16]} {[%emt 00:00:05]} 14. Be3 {[%clk 01:33:45]} {[%emt 00:01:25]}
c6 {[%clk 01:32:35]} {[%emt 00:02:10]} 15. a3 {[%clk 01:33:37]} {[%emt
00:00:40]} Nf7 {[%clk 01:30:11]} {[%emt 00:02:53]} 16. Rfd1 {[%clk 01:30:44]}
{[%emt 00:03:22]} Nc7 {[%clk 01:22:30]} {[%emt 00:08:11]} 17. Rxd8+ {[%clk
01:28:46]} {[%emt 00:02:29]} Nxd8 {[%clk 01:22:03]} {[%emt 00:00:57]} 18. Rd1
{[%clk 01:28:57]} {[%emt 00:00:19]} Nf7 {[%clk 01:22:10]} {[%emt 00:00:22]} 19.
b4 {[%clk 01:27:07]} {[%emt 00:02:21]} Bf8 {[%clk 01:21:48]} {[%emt 00:00:51]}
20. Nd2 {[%clk 00:58:17]} {[%emt 00:29:20]} a5 {[%clk 01:15:53]} {[%emt
00:06:26]} 21. bxa5 {[%clk 00:47:20]} {[%emt 00:11:27]} Rxa5 {[%clk 01:15:02]}
{[%emt 00:01:21]} 22. Bb6 {[%clk 00:46:15]} {[%emt 00:01:35]} Rxa3 {[%clk
01:13:54]} {[%emt 00:01:38]} 23. Ndb1 {[%clk 00:45:39]} {[%emt 00:01:06]} Na6
{[%clk 01:13:08]} {[%emt 00:01:16]} 24. Nxa3 {[%clk 00:45:20]} {[%emt
00:00:49]} Bxa3 {[%clk 01:13:31]} {[%emt 00:00:07]} 25. Na4 {[%clk 00:35:00]}
{[%emt 00:10:50]} Kf8 {[%clk 01:07:41]} {[%emt 00:06:18]} 26. c5 {[%clk
00:32:15]} {[%emt 00:03:17]} Nb4 {[%clk 01:08:07]} {[%emt 00:00:04]} 27. Rd2
{[%clk 00:25:29]} {[%emt 00:07:16]} Bc1 {[%clk 01:07:59]} {[%emt 00:00:38]} 28.
Rd1 {[%clk 00:25:27]} {[%emt 00:00:32]} Ba3 {[%clk 01:08:23]} {[%emt 00:00:06]}
29. Rb1 {[%clk 00:19:56]} {[%emt 00:06:01]} Nc2 {[%clk 01:04:32]} {[%emt
00:04:21]} 30. Bd1 {[%clk 00:17:16]} {[%emt 00:03:10]} Nd4 {[%clk 01:02:54]}
{[%emt 00:02:07]} 31. Ba5 {[%clk 00:16:42]} {[%emt 00:01:06]} Bc8 {[%clk
01:02:52]} {[%emt 00:00:31]} 32. Ra1 {[%clk 00:17:00]} {[%emt 00:00:12]} Nb5
{[%clk 01:03:18]} {[%emt 00:00:04]} 33. Be2 {[%clk 00:16:10]} {[%emt 00:01:20]}
Nd4 {[%clk 01:03:35]} {[%emt 00:00:12]} 34. Bd3 {[%clk 00:16:29]} {[%emt
00:00:12]} Nb3 {[%clk 01:03:39]} {[%emt 00:00:26]} 35. Rxa3 {[%clk 00:16:51]}
{[%emt 00:00:08]} Nxa5 {[%clk 01:04:05]} {[%emt 00:00:04]} 36. Nb6 {[%clk
00:17:14]} {[%emt 00:00:07]} 1-0